000 00563nam a2200205Ia 4500
005 20250923145821.0
008 008 250917s9999 xx 000 0 eng d
037 _aTextual
040 _aDSWL
_beng
_cDSWL
041 _aeng
_2eng
084 _qDSWL
100 _aZacharian, M.
_9839250
245 0 _aRevolution through reform: A comparison of Sarvodaya and conscrantization
_cby M. Zacharian
260 _aNew Delhi
_bVistaar
_c1986
300 _axii,147p.
365 _aINR
_b48.00
925 _g48.00
942 _cTEXL
999 _c1456057
_d1456057